[Event "High League 2022 women"]
[Site "Obninsk"]
[Date "2022.06.27"]
[Round "2.3"]
[White "Gritsayeva, Oksana"]
[Black "Miroshnik, Ekaterina"]
[Result "1/2-1/2"]
[LiveChessVersion "1.4.7"]
[BlackElo "2169"]
[WhiteElo "2309"]

1. e4 {[%clk 1:30:58]} e6 {[%clk 1:30:54]} 2. d4 {[%clk 1:31:19]} d5
{[%clk 1:31:18]} 3. e5 {[%clk 1:30:20]} c5 {[%clk 1:31:32]} 4. c3
{[%clk 1:30:43]} Nc6 {[%clk 1:31:42]} 5. Nf3 {[%clk 1:30:56]} Nge7
{[%clk 1:29:42]} 6. Na3 {[%clk 1:30:24]} cxd4 {[%clk 1:28:01]} 7. cxd4
{[%clk 1:30:45]} Nf5 {[%clk 1:27:56]} 8. Nc2 {[%clk 1:30:58]} Be7
{[%clk 1:27:42]} 9. Bd3 {[%clk 1:30:38]} Bd7 {[%clk 1:17:14]} 10. O-O
{[%clk 1:29:03]} O-O {[%clk 1:08:11]} 11. g4 {[%clk 1:19:51]} Nh4 12. Nxh4 Bxh4
{[%clk 1:08:36]} 13. Be3 {[%clk 1:19:12]} Be7 {[%clk 0:54:03]} 14. f4
{[%clk 0:54:09]} f5 {[%clk 0:49:24]} 15. a3 {[%clk 0:52:02]} Be8 16. gxf5 exf5
{[%clk 0:47:53]} 17. Qf3 {[%clk 0:51:20]} Qd7 {[%clk 0:43:51]} 18. Bd2
{[%clk 0:49:25]} Bf7 19. Kh1 Be6 {[%clk 0:41:52]} 20. Rg1 {[%clk 0:46:43]} Rf7
{[%clk 0:40:56]} 21. Rg3 {[%clk 0:46:22]} g6 {[%clk 0:37:01]} 22. Rag1
{[%clk 0:45:20]} Rg7 {[%clk 0:36:34]} 23. Bc3 {[%clk 0:41:42]} Bh4
{[%clk 0:25:01]} 24. Rh3 {[%clk 0:40:45]} Bd8 {[%clk 0:25:20]} 25. Qf2
{[%clk 0:37:40]} a6 {[%clk 0:23:06]} 26. Ne1 {[%clk 0:37:19]} Be7
{[%clk 0:17:06]} 27. Nf3 {[%clk 0:37:07]} Kh8 {[%clk 0:12:31]} 28. Ng5
{[%clk 0:33:34]} Bg8 {[%clk 0:11:13]} 29. Qe3 {[%clk 0:31:34]} Nd8
{[%clk 0:09:14]} 30. Nf3 {[%clk 0:30:37]} Be6 {[%clk 0:06:05]} 31. Qe1
{[%clk 0:22:30]} Nf7 {[%clk 0:05:27]} 32. Bb4 {[%clk 0:20:57]} Bd8
{[%clk 0:03:25]} 33. Rhg3 {[%clk 0:20:01]} a5 {[%clk 0:03:10]} 34. Bd2
{[%clk 0:18:38]} b6 {[%clk 0:03:02]} 35. R3g2 {[%clk 0:17:07]} Be7
{[%clk 0:03:05]} 36. Qe3 {[%clk 0:15:24]} Rag8 {[%clk 0:02:35]} 37. Be1
{[%clk 0:14:34]} Qd8 {[%clk 0:02:49]} 38. Bd2 {[%clk 0:12:54]} Qd7
{[%clk 0:02:39]} 39. Be2 {[%clk 0:12:22]} Qd8 {[%clk 0:02:34]} 40. Qb3
{[%clk 0:41:30]} h6 {[%clk 0:31:10]} 41. Qb5 {[%clk 0:38:32]} g5 {[%clk 0:20:18]}
42. Qc6 {[%clk 0:37:27]} Bc8 {[%clk 0:20:41]} 43. fxg5 {[%clk 0:36:18]} hxg5
{[%clk 0:20:19]} 44. Bd3 {[%clk 0:23:18]} g4 {[%clk 0:14:57]} 45. Ne1
{[%clk 0:22:59]} Ng5 {[%clk 0:10:33]} 46. Rf1 {[%clk 0:17:13]} Rg6
{[%clk 0:07:52]} 47. Qc1 {[%clk 0:16:58]} Ne4 {[%clk 0:07:53]} 48. Bf4
{[%clk 0:16:25]} Bg5 {[%clk 0:05:55]} 49. Nc2 {[%clk 0:15:43]} Be6
{[%clk 0:04:45]} 50. Bxg5 {[%clk 0:15:19]} Rxg5 {[%clk 0:05:02]} 51. Qf4
{[%clk 0:14:53]} Rh5 {[%clk 0:04:46]} 52. Ne3 {[%clk 0:13:58]} g3
{[%clk 0:03:55]} 53. Qf3 {[%clk 0:11:34]} Qh4 {[%clk 0:02:13]} 54. Nd1
{[%clk 0:07:15]} Rg6 {[%clk 0:01:31]} 55. Bxe4 {[%clk 0:04:03]} dxe4 56. Qe3
{[%clk 0:03:56]} Qg4 {[%clk 0:00:46]} 57. Qf4 {[%clk 0:03:16]} Qxf4
{[%clk 0:00:40]} 58. Rxf4 {[%clk 0:03:40]} Rgh6 {[%clk 0:00:55]} 59. Ne3
{[%clk 0:02:47]} Rxh2+ {[%clk 0:01:07]} 60. Rxh2 {[%clk 0:03:12]} Rxh2+
{[%clk 0:01:35]} 61. Kg1 {[%clk 0:03:34]} Re2 {[%clk 0:00:48]} 62. Nxf5
{[%clk 0:03:21]} Rd2 {[%clk 0:00:40]} 63. Nxg3 {[%clk 0:02:21]} Rxd4
{[%clk 0:00:44]} 64. Rxe4 {[%clk 0:01:25]} Rd2 {[%clk 0:00:42]} 65. Re2
{[%clk 0:01:40]} Rd3 {[%clk 0:00:39]} 66. Ne4 {[%clk 0:01:39]} Kg7
{[%clk 0:00:36]} 67. Kf2 {[%clk 0:01:17]} Kf8 {[%clk 0:00:38]} 68. Re3
{[%clk 0:01:12]} Rd1 {[%clk 0:00:35]} 69. Ng5 {[%clk 0:00:47]} Ke7
{[%clk 0:00:33]} 70. Rc3 {[%clk 0:00:51]} Bd5 {[%clk 0:00:33]} 71. Ke3
{[%clk 0:00:55]} Rg1 {[%clk 0:00:38]} 72. Rc7+ {[%clk 0:00:38]} Kd8
{[%clk 0:00:37]} 73. Rg7 {[%clk 0:01:03]} Re1+ {[%clk 0:00:45]} 74. Kd4
{[%clk 0:01:14]} Rd1+ {[%clk 0:01:09]} 75. Ke3 {[%clk 0:01:17]} Re1+
{[%clk 0:01:38]} 76. Kf4 {[%clk 0:01:16]} Rf1+ {[%clk 0:01:44]} 77. Kg4
{[%clk 0:01:22]} Re1 {[%clk 0:01:37]} 78. Kf5 {[%clk 0:01:29]} Rf1+
{[%clk 0:01:59]} 79. Kg4 {[%clk 0:01:05]} Re1 {[%clk 0:02:28]} 80. Kf4
{[%clk 0:01:11]} Rf1+ {[%clk 0:02:49]} 81. Ke3 {[%clk 0:01:05]} Re1+
{[%clk 0:03:15]} 82. Kf4 {[%clk 0:00:37]} Rf1+ {[%clk 0:03:39]} 83. Kg4
{[%clk 0:00:46]} Re1 {[%clk 0:03:21]} 84. Kf5 {[%clk 0:00:48]} Rf1+
{[%clk 0:03:36]} 85. Kg6 {[%clk 0:01:14]} Re1 {[%clk 0:03:55]} 86. e6
{[%clk 0:00:54]} Bxe6 {[%clk 0:03:11]} 87. Rb7 {[%clk 0:01:17]} Bb3
{[%clk 0:02:34]} 88. Rxb6 {[%clk 0:01:30]} a4 {[%clk 0:03:01]} 89. Rd6+
{[%clk 0:01:04]} Kc7 {[%clk 0:03:26]} 90. Rd2 {[%clk 0:01:24]} Kb6
{[%clk 0:02:25]} 91. Nf3 {[%clk 0:01:19]} Re3 {[%clk 0:01:41]} 92. Nd4
{[%clk 0:01:31]} Kc5 {[%clk 0:01:33]} 93. Kf5 {[%clk 0:01:11]} Rh3
{[%clk 0:01:39]} 94. Ke5 {[%clk 0:01:00]} Re3+ {[%clk 0:01:25]} 95. Kf4
{[%clk 0:01:11]} Rh3 {[%clk 0:01:21]} 96. Nf5 {[%clk 0:01:28]} Rh1
{[%clk 0:01:08]} 97. Re2 {[%clk 0:01:12]} Rh3 {[%clk 0:00:36]} 98. Ke4
{[%clk 0:00:49]} Bd5+ {[%clk 0:00:48]} 99. Ke5 {[%clk 0:01:04]} Bb3
{[%clk 0:01:02]} 100. Ne3 {[%clk 0:00:42]} Rh5+ {[%clk 0:01:11]} 101. Ke4
{[%clk 0:00:53]} Rh4+ {[%clk 0:01:11]} 102. Kd3 {[%clk 0:00:45]} Bc4+
{[%clk 0:00:41]} 103. Nxc4 {[%clk 0:01:08]} Rd4+ {[%clk 0:01:09]} 104. Ke3
{[%clk 0:01:04]} Rxc4 {[%clk 0:01:26]} 105. Rg2 {[%clk 0:00:49]} Rh4
{[%clk 0:01:34]} 106. Rg8 {[%clk 0:00:40]} Rh3+ {[%clk 0:01:34]} 107. Kd2
{[%clk 0:00:55]} Rh2+ {[%clk 0:02:00]} 108. Kc3 {[%clk 0:01:20]} Rh3+
{[%clk 0:02:27]} 109. Kc2 {[%clk 0:01:45]} Rh2+ {[%clk 0:02:54]} 110. Kb1
{[%clk 0:02:01]} Kb5 {[%clk 0:03:14]} 111. Rb8+ {[%clk 0:01:53]} Ka5
{[%clk 0:03:39]} 112. Rb4 {[%clk 0:01:45]} Rh1+ 113. Kc2 {[%clk 0:01:54]} Rh2+
{[%clk 0:04:24]} 114. Kd3 {[%clk 0:01:48]} Rh3+ {[%clk 0:04:21]} 115. Kc4
{[%clk 0:01:52]} Rh4+ {[%clk 0:04:46]} 116. Kc5 {[%clk 0:02:18]} Rh5+
{[%clk 0:05:12]} 117. Kc6 {[%clk 0:02:17]} Rh6+ {[%clk 0:05:37]} 118. Kc7
{[%clk 0:02:27]} Rh7+ {[%clk 0:05:51]} 119. Kb8 {[%clk 0:02:39]} Rh8+
{[%clk 0:05:31]} 120. Ka7 {[%clk 0:02:51]} Rh2 {[%clk 0:04:06]} 1/2-1/2

[Event "High League 2022 women"]
[Site "Obninsk"]
[Date "2022.06.27"]
[Round "2.4"]
[White "Goltseva, Ekaterina"]
[Black "Kirchei, Viktoriia"]
[Result "1-0"]
[LiveChessVersion "1.4.7"]
[BlackElo "2159"]
[WhiteElo "2284"]

1. d4 {[%clk 1:30:56]} Nf6 {[%clk 1:30:54]} 2. c4 {[%clk 1:31:21]} e6
{[%clk 1:31:19]} 3. Nf3 {[%clk 1:31:47]} d5 {[%clk 1:31:42]} 4. Nc3
{[%clk 1:32:12]} dxc4 {[%clk 1:32:01]} 5. e4 {[%clk 1:24:29]} b5 {[%clk 1:32:12]}
6. e5 {[%clk 1:24:55]} Nd5 {[%clk 1:32:37]} 7. Nxb5 {[%clk 1:25:22]} Nb6
{[%clk 1:32:50]} 8. Be2 {[%clk 1:23:34]} Nc6 {[%clk 1:32:53]} 9. h4
{[%clk 1:18:06]} Be7 {[%clk 1:17:01]} 10. h5 {[%clk 1:16:23]} h6 {[%clk 1:15:56]}
11. Rh3 {[%clk 1:05:41]} Ba6 {[%clk 1:10:26]} 12. Nc3 {[%clk 1:03:37]} Qd7
{[%clk 1:07:39]} 13. Rg3 {[%clk 0:57:21]} Bf8 {[%clk 1:06:31]} 14. Be3
{[%clk 0:44:23]} Nb4 {[%clk 1:04:23]} 15. Kf1 {[%clk 0:37:30]} O-O-O
{[%clk 0:54:03]} 16. b3 {[%clk 0:32:17]} Qc6 {[%clk 0:48:47]} 17. a3
{[%clk 0:29:04]} N4d5 {[%clk 0:47:32]} 18. Qc1 {[%clk 0:24:16]} Nxc3
{[%clk 0:40:23]} 19. Qxc3 {[%clk 0:24:38]} Nd5 {[%clk 0:35:54]} 20. Qa5
{[%clk 0:24:37]} Kb7 {[%clk 0:33:38]} 21. bxc4 {[%clk 0:18:59]} Bxc4
{[%clk 0:33:53]} 22. Bxc4 {[%clk 0:18:30]} Qxc4+ {[%clk 0:34:17]} 23. Kg1
{[%clk 0:18:53]} Qa6 {[%clk 0:19:03]} 24. Qe1 {[%clk 0:14:23]} Ka8
{[%clk 0:17:30]} 25. Bd2 {[%clk 0:09:03]} Qa4 {[%clk 0:15:55]} 26. Bb4
{[%clk 0:07:20]} Bxb4 {[%clk 0:13:56]} 27. axb4 {[%clk 0:07:45]} Qxb4
{[%clk 0:14:23]} 28. Qe4 {[%clk 0:06:51]} Qb7 {[%clk 0:10:28]} 29. Nd2
{[%clk 0:05:48]} Nb6 {[%clk 0:10:16]} 30. Qf4 {[%clk 0:05:23]} c6
{[%clk 0:09:24]} 31. Rga3 {[%clk 0:02:55]} Nc8 {[%clk 0:09:23]} 32. Nb3
{[%clk 0:02:55]} Rd5 {[%clk 0:08:09]} 33. Nc5 {[%clk 0:02:31]} Qe7
{[%clk 0:07:18]} 34. Rb3 {[%clk 0:02:20]} Rhd8 {[%clk 0:06:41]} 35. Ra4
{[%clk 0:01:39]} Rxc5 {[%clk 0:02:33]} 36. dxc5 {[%clk 0:02:03]} Qxc5
{[%clk 0:02:48]} 37. Qxf7 {[%clk 0:01:20]} Ne7 {[%clk 0:02:42]} 38. Rb1
{[%clk 0:01:17]} Qc2 {[%clk 0:01:04]} 39. Rxa7+ {[%clk 0:01:28]} 1-0

[Event "High League 2022 women"]
[Site "Obninsk"]
[Date "2022.06.27"]
[Round "2.5"]
[White "Loskutova, Viktoriya"]
[Black "Fominykh, Maria"]
[Result "1/2-1/2"]
[LiveChessVersion "1.4.7"]
[BlackElo "2219"]
[WhiteElo "2153"]

1. e4 {[%clk 1:30:57]} e6 {[%clk 1:30:57]} 2. d4 {[%clk 1:31:23]} d5
{[%clk 1:31:24]} 3. Nd2 {[%clk 1:31:46]} c5 {[%clk 1:31:48]} 4. exd5
{[%clk 1:32:10]} Qxd5 {[%clk 1:32:14]} 5. Ngf3 {[%clk 1:32:36]} cxd4
{[%clk 1:32:35]} 6. Bc4 {[%clk 1:33:00]} Qd8 {[%clk 1:33:01]} 7. O-O
{[%clk 1:33:24]} Nc6 {[%clk 1:33:26]} 8. Nb3 {[%clk 1:33:48]} a6 {[%clk 1:33:45]}
9. Nbxd4 {[%clk 1:34:10]} Nxd4 {[%clk 1:34:12]} 10. Nxd4 {[%clk 1:34:32]} Qc7
{[%clk 1:34:37]} 11. Bb3 {[%clk 1:18:45]} Bd6 {[%clk 1:34:20]} 12. h3
{[%clk 1:18:39]} Ne7 {[%clk 1:32:20]} 13. c3 {[%clk 1:15:09]} O-O
{[%clk 1:32:18]} 14. Qf3 {[%clk 1:11:16]} Rb8 {[%clk 1:27:49]} 15. Bc2
{[%clk 1:03:57]} Ng6 {[%clk 1:10:04]} 16. Rd1 {[%clk 0:54:18]} b5
{[%clk 1:08:51]} 17. Qc6 {[%clk 0:50:04]} Bb7 {[%clk 1:04:36]} 18. Qxc7
{[%clk 0:50:14]} Bxc7 {[%clk 1:05:03]} 1/2-1/2

[Event "High League 2022 women"]
[Site "Obninsk"]
[Date "2022.06.27"]
[Round "2.6"]
[White "Grigorieva, Yulia"]
[Black "Getman, Tatyana"]
[Result "1/2-1/2"]
[LiveChessVersion "1.4.7"]
[BlackElo "2148"]
[WhiteElo "2218"]

1. d4 {[%clk 1:30:57]} Nf6 {[%clk 1:30:53]} 2. c4 {[%clk 1:31:22]} e6
{[%clk 1:31:17]} 3. Bf4 {[%clk 1:31:47]} d5 {[%clk 1:29:20]} 4. Nc3
{[%clk 1:31:46]} dxc4 {[%clk 1:21:46]} 5. e3 {[%clk 1:31:50]} Nd5
{[%clk 1:17:34]} 6. Bxc4 {[%clk 1:31:59]} Nxf4 {[%clk 1:17:06]} 7. exf4
{[%clk 1:32:27]} Be7 {[%clk 1:11:26]} 8. Nf3 {[%clk 1:25:47]} O-O
{[%clk 1:07:36]} 9. Qe2 {[%clk 1:22:42]} Nd7 {[%clk 1:05:23]} 10. O-O
{[%clk 1:19:09]} Nf6 {[%clk 1:00:03]} 11. Rad1 {[%clk 1:17:28]} c6
{[%clk 0:54:54]} 12. Rfe1 {[%clk 1:12:41]} b5 {[%clk 0:49:18]} 13. Bd3
{[%clk 1:04:12]} Bb4 {[%clk 0:48:02]} 14. Ne5 {[%clk 0:47:58]} Bb7
{[%clk 0:45:33]} 15. Qf3 {[%clk 0:28:04]} Qc7 {[%clk 0:29:30]} 16. Qh3
{[%clk 0:26:18]} g6 {[%clk 0:26:50]} 17. g4 {[%clk 0:20:00]} Rfd8
{[%clk 0:16:35]} 18. Bc2 {[%clk 0:13:05]} c5 {[%clk 0:15:14]} 19. f5
{[%clk 0:02:20]} exf5 {[%clk 0:13:21]} 20. gxf5 {[%clk 0:01:54]} cxd4
{[%clk 0:11:27]} 21. fxg6 {[%clk 0:01:37]} hxg6 {[%clk 0:10:45]} 22. Bb3
{[%clk 0:01:08]} dxc3 {[%clk 0:07:37]} 23. Rxd8+ {[%clk 0:00:43]} Rxd8
{[%clk 0:07:59]} 24. Nxf7 {[%clk 0:00:49]} Bd5 {[%clk 0:03:44]} 25. Nxd8
{[%clk 0:00:40]} Bxb3 {[%clk 0:03:35]} 26. axb3 {[%clk 0:00:35]} c2
{[%clk 0:03:19]} 27. Rc1 {[%clk 0:00:36]} Qxd8 {[%clk 0:03:29]} 28. Qe6+
{[%clk 0:00:41]} Kg7 {[%clk 0:03:51]} 29. Qe2 {[%clk 0:00:48]} Qd2
{[%clk 0:02:23]} 30. Qxd2 {[%clk 0:00:48]} Bxd2 {[%clk 0:02:51]} 31. Rxc2
{[%clk 0:01:14]} Bf4 {[%clk 0:03:12]} 32. Rc5 {[%clk 0:00:35]} b4
{[%clk 0:02:45]} 33. Rb5 {[%clk 0:00:42]} a5 {[%clk 0:02:10]} 34. Rxa5
{[%clk 0:00:56]} Kf7 {[%clk 0:02:33]} 35. Rb5 {[%clk 0:00:57]} Bd6
{[%clk 0:02:59]} 36. Kf1 {[%clk 0:00:49]} Nh5 {[%clk 0:01:29]} 37. Ke2
{[%clk 0:00:52]} Ke6 {[%clk 0:01:35]} 38. Ke3 {[%clk 0:00:57]} Nf4
{[%clk 0:00:53]} 39. Ke4 {[%clk 0:00:42]} Nh5 {[%clk 0:00:34]} 40. h4
{[%clk 0:30:42]} Nf6+ {[%clk 0:30:46]} 41. Kd4 {[%clk 0:26:12]} Nh5
{[%clk 0:23:03]} 42. Rg5 {[%clk 0:21:37]} Kf7 {[%clk 0:22:12]} 43. Rb5
{[%clk 0:19:28]} 1/2-1/2

[Event "High League 2022 women"]
[Site "Obninsk"]
[Date "2022.06.27"]
[Round "2.7"]
[White "Filippova, Margarita"]
[Black "Potapova, Margarita"]
[Result "1-0"]
[LiveChessVersion "1.4.7"]
[BlackElo "2216"]
[WhiteElo "1955"]

1. Nf3 {[%clk 1:30:57]} Nf6 {[%clk 1:30:53]} 2. c4 {[%clk 1:31:24]} e6
{[%clk 1:31:13]} 3. Nc3 {[%clk 1:31:48]} d5 {[%clk 1:31:35]} 4. d4
{[%clk 1:32:14]} c5 {[%clk 1:31:23]} 5. cxd5 {[%clk 1:32:15]} cxd4
{[%clk 1:31:43]} 6. Qxd4 {[%clk 1:30:32]} exd5 {[%clk 1:32:04]} 7. e3
{[%clk 1:27:33]} Nc6 {[%clk 1:31:44]} 8. Qa4 {[%clk 1:26:35]} Qb6
{[%clk 1:15:27]} 9. Be2 {[%clk 1:21:02]} Be7 {[%clk 1:15:14]} 10. O-O
{[%clk 1:21:25]} O-O {[%clk 1:15:24]} 11. Rd1 {[%clk 1:18:25]} Rd8
{[%clk 1:14:48]} 12. Qb5 {[%clk 1:14:11]} Qxb5 {[%clk 1:10:36]} 13. Nxb5
{[%clk 1:13:52]} a6 {[%clk 1:09:31]} 14. Nbd4 {[%clk 1:14:06]} Ne4
{[%clk 1:09:30]} 15. h3 {[%clk 1:04:44]} Bf6 {[%clk 1:08:18]} 16. Bf1
{[%clk 0:56:35]} h5 {[%clk 1:07:25]} 17. b3 {[%clk 0:43:24]} g5 {[%clk 1:05:02]}
18. Bb2 {[%clk 0:42:49]} Ne7 {[%clk 1:03:02]} 19. Nd2 {[%clk 0:40:04]} Nd6
{[%clk 0:57:34]} 20. Rab1 {[%clk 0:38:02]} Bg7 {[%clk 0:54:19]} 21. Ne2
{[%clk 0:37:06]} Bxb2 {[%clk 0:50:06]} 22. Rxb2 {[%clk 0:37:27]} Bf5
{[%clk 0:50:04]} 23. Nf3 {[%clk 0:35:37]} Ne4 {[%clk 0:47:53]} 24. Nfd4
{[%clk 0:35:35]} Bg6 {[%clk 0:47:13]} 25. f3 {[%clk 0:35:36]} Nc5
{[%clk 0:45:58]} 26. h4 {[%clk 0:33:50]} f6 {[%clk 0:44:15]} 27. Nc3
{[%clk 0:32:22]} Kf7 {[%clk 0:41:44]} 28. b4 {[%clk 0:30:10]} Nd7
{[%clk 0:38:23]} 29. Nb3 {[%clk 0:28:03]} Nb6 {[%clk 0:30:18]} 30. Rbd2
{[%clk 0:22:19]} Rdc8 {[%clk 0:28:42]} 31. Nc5 {[%clk 0:21:53]} Kg8
{[%clk 0:18:38]} 32. e4 {[%clk 0:19:29]} a5 {[%clk 0:12:03]} 33. a3
{[%clk 0:19:24]} axb4 {[%clk 0:11:28]} 34. axb4 {[%clk 0:19:51]} Nc6
{[%clk 0:06:19]} 35. Nxd5 {[%clk 0:18:46]} Nxd5 {[%clk 0:06:33]} 36. exd5
{[%clk 0:18:42]} Nxb4 {[%clk 0:06:44]} 37. Nd7 {[%clk 0:16:17]} Rd8
{[%clk 0:03:34]} 38. Nxf6+ {[%clk 0:16:17]} Kg7 {[%clk 0:03:51]} 39. hxg5
{[%clk 0:15:45]} Ra5 {[%clk 0:01:42]} 40. Rb2 {[%clk 0:44:22]} Nxd5
{[%clk 0:31:42]} 41. Rxb7+ {[%clk 0:44:04]} Bf7 {[%clk 0:31:26]} 42. Nxd5
{[%clk 0:42:54]} Rdxd5 {[%clk 0:31:33]} 43. Rxd5 {[%clk 0:43:20]} Rxd5
{[%clk 0:31:50]} 44. Rxf7+ {[%clk 0:43:34]} 1-0

[Event "High League 2022 women"]
[Site "Obninsk"]
[Date "2022.06.27"]
[Round "2.8"]
[White "Zhapova, Yana"]
[Black "Izbekova, Evdokia"]
[Result "1-0"]
[LiveChessVersion "1.4.7"]
[BlackElo "1877"]
[WhiteElo "2204"]

1. e4 {[%clk 1:30:57]} c5 {[%clk 1:30:56]} 2. Nf3 {[%clk 1:31:16]} d6
{[%clk 1:31:21]} 3. Bb5+ {[%clk 1:31:37]} Bd7 {[%clk 1:31:46]} 4. Bxd7+
{[%clk 1:31:53]} Qxd7 {[%clk 1:32:12]} 5. c4 {[%clk 1:31:57]} e5 {[%clk 1:31:45]}
6. Nc3 {[%clk 1:32:12]} Nc6 {[%clk 1:31:04]} 7. O-O {[%clk 1:32:26]} Be7
{[%clk 1:30:44]} 8. a3 {[%clk 1:32:32]} Bd8 {[%clk 1:29:56]} 9. Rb1
{[%clk 1:32:46]} Nge7 {[%clk 1:22:42]} 10. b4 {[%clk 1:32:49]} Nd4
{[%clk 1:18:54]} 11. bxc5 {[%clk 1:23:39]} Nxf3+ {[%clk 1:19:00]} 12. Qxf3
{[%clk 1:23:55]} dxc5 {[%clk 1:19:11]} 13. Qg3 {[%clk 1:13:50]} Ng6
{[%clk 1:17:52]} 14. Nd5 {[%clk 1:13:48]} O-O {[%clk 1:17:22]} 15. d3
{[%clk 1:13:44]} b6 {[%clk 1:10:19]} 16. f4 {[%clk 1:05:40]} exf4
{[%clk 1:01:43]} 17. Bxf4 {[%clk 1:04:52]} Rc8 {[%clk 0:57:12]} 18. Kh1
{[%clk 0:58:35]} Rc6 {[%clk 0:54:23]} 19. Rbd1 {[%clk 0:50:13]} Nxf4
{[%clk 0:32:17]} 20. Qxf4 {[%clk 0:48:51]} Bc7 {[%clk 0:31:08]} 21. Qf5
{[%clk 0:44:58]} Qd8 {[%clk 0:25:26]} 22. d4 {[%clk 0:37:19]} cxd4
{[%clk 0:20:55]} 23. Rxd4 {[%clk 0:36:20]} Qh4 {[%clk 0:20:20]} 24. h3
{[%clk 0:08:40]} Qg3 {[%clk 0:17:42]} 25. Kg1 {[%clk 0:08:53]} Qxa3
{[%clk 0:15:44]} 26. Qd7 {[%clk 0:06:57]} Rc5 {[%clk 0:11:06]} 27. Rd3
{[%clk 0:02:51]} Rxd5 {[%clk 0:00:58]} 28. Qxd5 {[%clk 0:03:20]} Qe7
{[%clk 0:01:22]} 29. Rfd1 {[%clk 0:02:24]} Qf6 {[%clk 0:00:55]} 30. Qf5
{[%clk 0:01:44]} Qc6 {[%clk 0:00:47]} 31. Rd4 {[%clk 0:00:55]} Qh6
{[%clk 0:00:39]} 32. Rd7 {[%clk 0:00:51]} Qe3+ {[%clk 0:00:49]} 33. Qf2
{[%clk 0:00:57]} Qb3 {[%clk 0:00:47]} 34. Qe2 {[%clk 0:00:33]} Qg3
{[%clk 0:00:58]} 35. Qf3 {[%clk 0:00:39]} Qe5 {[%clk 0:00:42]} 36. R1d5
{[%clk 0:00:44]} Qh2+ {[%clk 0:00:36]} 37. Kf2 {[%clk 0:01:08]} b5
{[%clk 0:00:42]} 38. Rxb5 {[%clk 0:00:46]} Bb6+ {[%clk 0:00:35]} 39. c5
{[%clk 0:01:02]} Qe5 {[%clk 0:00:34]} 40. Rd5 {[%clk 0:31:01]} Bxc5+
{[%clk 0:30:38]} 41. Rdxc5 {[%clk 0:30:29]} Qd4+ {[%clk 0:30:34]} 42. Qe3
{[%clk 0:30:52]} Qf6+ {[%clk 0:30:33]} 43. Rf5 {[%clk 0:31:16]} Qh4+
{[%clk 0:30:47]} 44. Kg1 {[%clk 0:31:39]} 1-0

[Event "High League 2022 women"]
[Site "Obninsk"]
[Date "2022.06.27"]
[Round "2.9"]
[White "Guseva, Marina"]
[Black "Ivanova, Anastasia S."]
[Result "1-0"]
[LiveChessVersion "1.4.7"]
[BlackElo "1922"]
[WhiteElo "2377"]

1. d4 {[%clk 1:30:58]} Nf6 {[%clk 1:30:57]} 2. c4 {[%clk 1:31:23]} g6
{[%clk 1:31:24]} 3. Nf3 {[%clk 1:31:49]} Bg7 {[%clk 1:31:50]} 4. g3
{[%clk 1:32:15]} d5 {[%clk 1:31:21]} 5. Bg2 {[%clk 1:32:39]} dxc4
{[%clk 1:31:19]} 6. O-O {[%clk 1:32:27]} O-O {[%clk 1:31:36]} 7. Na3
{[%clk 1:32:50]} c6 {[%clk 1:30:39]} 8. Nxc4 {[%clk 1:32:32]} Be6
{[%clk 1:29:43]} 9. b3 {[%clk 1:24:49]} h6 {[%clk 1:25:46]} 10. Bb2
{[%clk 1:23:29]} Bd5 {[%clk 1:20:55]} 11. Rc1 {[%clk 1:20:23]} Nbd7
{[%clk 1:15:53]} 12. Re1 {[%clk 1:19:12]} Nb6 {[%clk 1:12:58]} 13. Nce5
{[%clk 1:12:19]} a5 {[%clk 1:08:30]} 14. a4 {[%clk 1:10:19]} Nc8 {[%clk 0:57:23]}
15. e3 {[%clk 0:54:36]} Nd6 {[%clk 0:50:48]} 16. Ba3 {[%clk 0:54:31]} Rc8
{[%clk 0:42:00]} 17. Bh3 {[%clk 0:51:38]} Rc7 {[%clk 0:35:20]} 18. Bc5
{[%clk 0:49:49]} Nc8 {[%clk 0:35:07]} 19. Nd2 {[%clk 0:45:50]} b6
{[%clk 0:30:52]} 20. Ba3 {[%clk 0:46:08]} Ne4 {[%clk 0:30:13]} 21. Nxe4
{[%clk 0:38:44]} Bxe4 {[%clk 0:30:02]} 22. Nc4 {[%clk 0:38:05]} Rb7
{[%clk 0:25:06]} 23. Nd2 {[%clk 0:27:20]} Bd5 {[%clk 0:16:25]} 24. e4
{[%clk 0:21:22]} Be6 {[%clk 0:16:23]} 25. Bxe6 {[%clk 0:21:47]} fxe6
{[%clk 0:16:50]} 26. Rxc6 {[%clk 0:21:06]} Qxd4 {[%clk 0:15:07]} 27. Qe2
{[%clk 0:20:34]} Rd7 {[%clk 0:12:45]} 28. Nc4 {[%clk 0:16:31]} Qd3
{[%clk 0:10:19]} 29. Bb2 {[%clk 0:14:27]} Qxb3 {[%clk 0:06:38]} 30. Qg4
{[%clk 0:11:09]} Na7 {[%clk 0:02:04]} 31. Qxg6 {[%clk 0:05:28]} Rf7
{[%clk 0:02:17]} 32. Bxg7 {[%clk 0:05:10]} Rxg7 {[%clk 0:01:48]} 33. Qxe6+
{[%clk 0:05:32]} Rf7 {[%clk 0:01:25]} 34. Qxd7 {[%clk 0:05:40]} Nxc6
{[%clk 0:01:19]} 35. Qxc6 {[%clk 0:06:05]} Qc2 {[%clk 0:01:27]} 36. Rf1
{[%clk 0:06:27]} Rf6 {[%clk 0:01:47]} 37. Qe8+ {[%clk 0:06:49]} Kg7
{[%clk 0:01:56]} 38. Qxe7+ {[%clk 0:07:10]} Rf7 {[%clk 0:02:19]} 39. Qe5+
{[%clk 0:07:35]} Kg8 {[%clk 0:02:37]} 40. Nd6 {[%clk 0:37:42]} Rf8
{[%clk 0:32:42]} 41. Nf5 {[%clk 0:37:55]} 1-0